Tilastot visalle Satunnaisia Maailman Lippuja #3

Klikkaa tästä pelataksesi tätä visaa!

Yleistilastot

  • Tätä visaa on pelattu 14 kertaa
  • Keskiarvotulos 12 / 16

Vastaustilastot

Vastaus% Oikein
Portugali
92%
Botswana
85%
Israel
85%
Latvia
85%
Malta
85%
Belize
77%
Libanon
77%
Liberia
77%
Mauritania
77%
Jemen
69%
Keski afrikka
69%
Namibia
69%
Sambia
69%
Armenia
62%
Kuwait
54%
Sao tome
46%

Tulosjakauma

Persentiili vastausten määrän mukaan

Jokaisen tuloksen saaneiden osuus

Tuloshistoriasi

Et ole pelannut tätä visaa